[Event "Iran Women Ch.2016"]
[Site "Tehran"]
[Date "2016.01.22"]
[Round "8.6"]
[White "Asadi, Motahare"]
[Black "Afshar, Niusha"]
[Result "1-0"]
[BlackElo "1961"]
[WhiteElo "1833"]
[LiveChessVersion "1.4.7"]

1. d4 {[%clk 1:29:28]} Nf6 {[%clk 1:30:42]} 2. c4 {[%clk 1:29:47]} e6
{[%clk 1:30:58]} 3. Nf3 {[%clk 1:30:08]} b6 {[%clk 1:31:13]} 4. g3
{[%clk 1:30:30]} Bb7 {[%clk 1:31:39]} 5. Bg2 {[%clk 1:30:56]} Be7
{[%clk 1:31:37]} 6. O-O {[%clk 1:31:16]} O-O {[%clk 1:32:03]} 7. Qc2
{[%clk 1:30:50]} Na6 {[%clk 1:28:45]} 8. Nc3 {[%clk 1:30:40]} d5 {[%clk 1:24:58]}
9. b3 {[%clk 1:29:48]} c5 {[%clk 1:23:45]} 10. cxd5 {[%clk 1:25:20]} Nxd5
{[%clk 1:21:33]} 11. Bb2 {[%clk 1:13:46]} cxd4 {[%clk 1:09:25]} 12. Nxd4
{[%clk 1:13:09]} Rc8 {[%clk 1:01:08]} 13. Bxd5 {[%clk 0:45:34]} Nb4
{[%clk 0:55:25]} 14. Nxe6 {[%clk 0:42:20]} Qd6 {[%clk 0:38:05]} 15. Qd1
{[%clk 0:40:30]} Nxd5 {[%clk 0:35:55]} 16. Nxd5 {[%clk 0:20:35]} Qxe6
{[%clk 0:32:26]} 17. Qd4 {[%clk 0:13:55]} f6 {[%clk 0:32:25]} 18. e4
{[%clk 0:14:19]} Rfd8 {[%clk 0:25:27]} 19. Rfd1 {[%clk 0:13:17]} Bxd5
{[%clk 0:16:34]} 20. exd5 {[%clk 0:13:37]} Qf5 {[%clk 0:15:43]} 21. g4
{[%clk 0:09:55]} Qg5 {[%clk 0:14:11]} 22. Qe4 {[%clk 0:04:15]} Bd6
{[%clk 0:11:41]} 23. Rac1 {[%clk 0:04:07]} Rxc1 {[%clk 0:11:41]} 24. Bxc1
{[%clk 0:02:59]} Qh4 {[%clk 0:11:44]} 25. Qg2 {[%clk 0:03:21]} Bxh2+
{[%clk 0:11:29]} 26. Kf1 {[%clk 0:03:35]} h5 {[%clk 0:09:51]} 27. Rd4
{[%clk 0:03:39]} Be5 {[%clk 0:09:47]} 28. Rc4 {[%clk 0:04:02]} Qh2
{[%clk 0:07:57]} 29. Qxh2 {[%clk 0:01:32]} Bxh2 {[%clk 0:08:26]} 30. f4
{[%clk 0:02:01]} hxg4 {[%clk 0:06:02]} 31. Kg2 {[%clk 0:02:23]} g3
{[%clk 0:06:11]} 32. Rd4 {[%clk 0:02:49]} Kf8 {[%clk 0:05:16]} 33. f5
{[%clk 0:03:07]} Ke8 {[%clk 0:04:25]} 34. Bf4 {[%clk 0:03:29]} Rc8
{[%clk 0:02:13]} 35. Rc4 {[%clk 0:03:52]} Kd7 {[%clk 0:02:00]} 36. a4
{[%clk 0:03:01]} Kd8 {[%clk 0:01:16]} 37. Bd6 {[%clk 0:03:05]} Rxc4
{[%clk 0:00:57]} 38. bxc4 {[%clk 0:03:30]} Ke8 {[%clk 0:01:10]} 39. Bb8
{[%clk 0:03:37]} a6 {[%clk 0:01:31]} 40. Bc7 {[%clk 0:03:57]} Kd7
{[%clk 0:01:14]} 41. Bxb6 {[%clk 0:04:22]} Kd6 {[%clk 0:01:37]} 42. Bd4
{[%clk 0:04:44]} Kd7 {[%clk 0:01:58]} 43. Be3 {[%clk 0:05:09]} Kd6
{[%clk 0:02:16]} 44. Bf4+ {[%clk 0:05:35]} Kc5 {[%clk 0:02:41]} 45. Bxg3
{[%clk 0:05:57]} Bxg3 {[%clk 0:03:06]} 46. Kxg3 {[%clk 0:06:22]} Kd6
{[%clk 0:03:01]} 47. Kf4 {[%clk 0:06:46]} Kc5 {[%clk 0:03:27]} 48. Kg4
{[%clk 0:07:11]} Kd6 {[%clk 0:03:49]} 49. Kh5 {[%clk 0:07:37]} a5
{[%clk 0:04:04]} 50. Kg6 {[%clk 0:07:57]} Ke5 {[%clk 0:04:29]} 51. Kf7
{[%clk 0:08:22]} Kxf5 {[%clk 0:04:47]} 52. d6 {[%clk 0:08:48]} 1-0

[Event "Iran Women Ch.2016"]
[Site "Tehran"]
[Date "2016.01.22"]
[Round "8.7"]
[White "Asgarizadeh, Minoo"]
[Black "Asgharzadeh, Mitra"]
[Result "1/2-1/2"]
[BlackElo "1907"]
[WhiteElo "2167"]
[LiveChessVersion "1.4.7"]

1. e4 {[%clk 1:30:55]} c5 {[%clk 1:30:50]} 2. Nf3 {[%clk 1:31:20]} d6
{[%clk 1:31:15]} 3. d4 {[%clk 1:31:47]} cxd4 {[%clk 1:31:40]} 4. Nxd4
{[%clk 1:32:14]} Nf6 {[%clk 1:32:02]} 5. Nc3 {[%clk 1:32:41]} g6 {[%clk 1:32:19]}
6. f3 {[%clk 1:32:46]} Bg7 {[%clk 1:32:43]} 7. Be3 {[%clk 1:33:11]} O-O
{[%clk 1:33:05]} 8. Qd2 {[%clk 1:33:39]} Nc6 {[%clk 1:33:29]} 9. O-O-O
{[%clk 1:34:04]} d5 {[%clk 1:33:50]} 10. Kb1 {[%clk 1:34:18]} Nxd4
{[%clk 1:30:44]} 11. e5 {[%clk 1:34:47]} Nf5 {[%clk 1:25:56]} 12. exf6
{[%clk 1:35:10]} Bxf6 {[%clk 1:18:28]} 13. Nxd5 {[%clk 1:34:56]} Be6
{[%clk 1:18:44]} 14. Nxf6+ {[%clk 1:26:24]} exf6 {[%clk 1:19:11]} 15. Bc5
{[%clk 1:24:20]} Qxd2 {[%clk 1:18:05]} 16. Rxd2 {[%clk 1:24:49]} Rfd8
{[%clk 1:13:46]} 17. Rxd8+ {[%clk 1:24:43]} Rxd8 {[%clk 1:14:15]} 18. Bd3
{[%clk 1:25:01]} b6 {[%clk 1:12:30]} 19. Bf2 {[%clk 1:24:58]} Ne7
{[%clk 1:06:34]} 20. Rd1 {[%clk 1:19:23]} Nc6 {[%clk 1:03:02]} 21. Be2
{[%clk 1:16:51]} Rxd1+ {[%clk 0:59:42]} 22. Bxd1 {[%clk 1:17:20]} Kf8
{[%clk 0:58:24]} 23. b3 {[%clk 1:16:45]} Ke7 {[%clk 0:55:00]} 24. Kb2
{[%clk 1:16:51]} f5 {[%clk 0:53:48]} 25. c4 {[%clk 1:16:57]} Kd6 {[%clk 0:48:26]}
26. Kc3 {[%clk 1:16:38]} f4 {[%clk 0:44:26]} 27. b4 {[%clk 1:12:56]} g5
{[%clk 0:38:55]} 28. a4 {[%clk 1:08:37]} Kc7 {[%clk 0:34:29]} 29. b5
{[%clk 0:59:43]} Na5 {[%clk 0:32:12]} 30. c5 {[%clk 0:59:21]} Nb7
{[%clk 0:21:31]} 31. c6 {[%clk 0:50:28]} Nd6 {[%clk 0:19:58]} 32. Bd4
{[%clk 0:44:35]} Nf5 {[%clk 0:16:42]} 33. Be5+ {[%clk 0:43:56]} Kc8
{[%clk 0:16:51]} 34. g4 {[%clk 0:28:29]} fxg3 {[%clk 0:15:42]} 35. hxg3
{[%clk 0:28:58]} h5 {[%clk 0:14:23]} 36. Be2 {[%clk 0:28:57]} f6 {[%clk 0:12:20]}
37. Bxf6 {[%clk 0:28:13]} Nxg3 {[%clk 0:12:43]} 38. Bd3 {[%clk 0:20:20]} h4
{[%clk 0:12:09]} 39. Be5 {[%clk 0:20:33]} Bd5 {[%clk 0:08:48]} 40. f4
{[%clk 0:13:30]} gxf4 {[%clk 0:09:02]} 41. Bxf4 {[%clk 0:13:50]} Be6
{[%clk 0:08:23]} 42. Kd4 {[%clk 0:14:04]} Nh5 {[%clk 0:06:23]} 43. Be5
{[%clk 0:13:57]} Ng3 {[%clk 0:05:58]} 44. Ke3 {[%clk 0:12:15]} Nf5+
{[%clk 0:04:37]} 45. Kf4 {[%clk 0:12:15]} Nh6 {[%clk 0:03:49]} 46. Bf1
{[%clk 0:09:43]} Nf7 {[%clk 0:01:49]} 47. Bf6 {[%clk 0:09:04]} h3
{[%clk 0:02:03]} 48. Kg3 {[%clk 0:09:28]} Nd6 {[%clk 0:01:51]} 49. Be5
{[%clk 0:08:36]} Nc4 {[%clk 0:01:53]} 50. Bd4 {[%clk 0:08:08]} Nd6
{[%clk 0:01:40]} 51. Kh2 {[%clk 0:08:13]} Nf5 {[%clk 0:01:09]} 52. Bf2
{[%clk 0:07:59]} Ne7 {[%clk 0:01:00]} 53. Bg3 {[%clk 0:06:45]} Nd5
{[%clk 0:01:08]} 54. Be5 {[%clk 0:06:54]} Ne7 {[%clk 0:00:40]} 55. Bxh3
{[%clk 0:07:08]} Bxh3 {[%clk 0:01:07]} 56. Kxh3 {[%clk 0:07:36]} Nd5
{[%clk 0:00:49]} 57. Kg4 {[%clk 0:07:58]} Ne3+ {[%clk 0:00:53]} 58. Kf3
{[%clk 0:08:14]} Nc4 {[%clk 0:00:56]} 59. Ke4 {[%clk 0:08:37]} Nd2+
{[%clk 0:00:53]} 60. Kd5 {[%clk 0:08:54]} Nf3 {[%clk 0:00:46]} 61. Bf4
{[%clk 0:08:27]} Nh4 {[%clk 0:00:54]} 62. Kd6 {[%clk 0:08:41]} Nf3
{[%clk 0:01:00]} 63. Be3 {[%clk 0:08:58]} Nh4 {[%clk 0:00:59]} 64. Bf4
{[%clk 0:09:11]} Ng2 {[%clk 0:01:03]} 65. Bg5 {[%clk 0:09:15]} Ne1
{[%clk 0:01:13]} 66. a5 {[%clk 0:09:31]} Nc2 {[%clk 0:00:56]} 67. a6
{[%clk 0:05:18]} Nd4 {[%clk 0:00:55]} 68. Ke5 {[%clk 0:02:21]} Nxb5
{[%clk 0:01:13]} 69. Be3 {[%clk 0:02:09]} Kc7 {[%clk 0:01:04]} 70. Kd5
{[%clk 0:02:23]} Nc3+ {[%clk 0:01:03]} 71. Kc4 {[%clk 0:02:47]} Ne4
{[%clk 0:00:51]} 72. Kd5 {[%clk 0:02:36]} Nf6+ {[%clk 0:01:10]} 73. Ke6
{[%clk 0:02:46]} 1/2-1/2

[Event "Iran Women Ch.2016"]
[Site "Tehran"]
[Date "2016.01.22"]
[Round "8.8"]
[White "Hamedi Nia, Vesal"]
[Black "Mahdian, Anousha"]
[Result "1/2-1/2"]
[BlackElo "1811"]
[WhiteElo "1833"]
[LiveChessVersion "1.4.7"]

1. d4 {[%clk 1:30:58]} Nf6 {[%clk 1:27:41]} 2. c4 {[%clk 1:31:18]} e6
{[%clk 1:28:07]} 3. Nc3 {[%clk 1:31:37]} Bb4 {[%clk 1:28:30]} 4. Qc2
{[%clk 1:31:12]} b6 {[%clk 1:28:49]} 5. Bg5 {[%clk 1:29:14]} Bb7 {[%clk 1:29:06]}
6. a3 {[%clk 1:28:14]} Bxc3+ {[%clk 1:28:44]} 7. Qxc3 {[%clk 1:28:36]} h6
{[%clk 1:28:45]} 8. Bxf6 {[%clk 1:28:16]} Qxf6 {[%clk 1:28:52]} 9. Nf3
{[%clk 1:24:59]} d6 {[%clk 1:23:30]} 10. Nd2 {[%clk 1:15:40]} c5 {[%clk 1:19:26]}
11. Nb3 {[%clk 1:13:14]} Nc6 {[%clk 1:15:41]} 12. e3 {[%clk 1:12:27]} O-O
{[%clk 1:13:00]} 13. Be2 {[%clk 1:11:21]} Ne7 {[%clk 1:07:26]} 14. O-O
{[%clk 1:05:41]} Rac8 {[%clk 0:52:28]} 15. Rac1 {[%clk 1:00:17]} Qg6
{[%clk 0:40:40]} 16. f3 {[%clk 0:59:29]} cxd4 {[%clk 0:27:53]} 17. Nxd4
{[%clk 0:52:54]} Rfd8 {[%clk 0:26:29]} 18. Rfd1 {[%clk 0:49:51]} d5
{[%clk 0:20:58]} 19. Nc2 {[%clk 0:31:01]} dxc4 {[%clk 0:16:17]} 20. Rxd8+
{[%clk 0:30:42]} Rxd8 {[%clk 0:16:41]} 21. Qxc4 {[%clk 0:29:45]} Rc8
{[%clk 0:16:03]} 22. Qd3 {[%clk 0:28:51]} Qf6 {[%clk 0:09:30]} 23. Rb1
{[%clk 0:27:01]} Bd5 {[%clk 0:05:28]} 24. Nb4 {[%clk 0:21:46]} Bc4
{[%clk 0:04:49]} 25. Qd2 {[%clk 0:21:30]} Bxe2 {[%clk 0:04:40]} 26. Qxe2
{[%clk 0:21:59]} a5 {[%clk 0:03:37]} 27. Nd3 {[%clk 0:22:13]} Qf5
{[%clk 0:03:35]} 28. Rd1 {[%clk 0:20:07]} Qb5 {[%clk 0:03:17]} 29. Kf2
{[%clk 0:20:02]} Ng6 {[%clk 0:02:30]} 30. Rc1 {[%clk 0:15:12]} Rxc1
{[%clk 0:01:46]} 31. Nxc1 {[%clk 0:15:40]} Qe5 {[%clk 0:01:23]} 32. g3
{[%clk 0:15:23]} Qc7 {[%clk 0:01:40]} 33. Nd3 {[%clk 0:14:30]} Qc6
{[%clk 0:01:04]} 34. Qd2 {[%clk 0:14:14]} Kf8 {[%clk 0:00:49]} 35. Ne1
{[%clk 0:13:51]} Ke7 {[%clk 0:01:02]} 36. f4 {[%clk 0:12:37]} Qc7
{[%clk 0:00:35]} 37. Qd4 {[%clk 0:11:22]} f6 {[%clk 0:00:40]} 38. Qe4
{[%clk 0:10:04]} Kf7 {[%clk 0:00:55]} 39. Qd3 {[%clk 0:09:29]} Ne7
{[%clk 0:00:36]} 40. e4 {[%clk 0:08:58]} Qc5+ {[%clk 0:00:43]} 41. Kg2
{[%clk 0:09:01]} Qc1 {[%clk 0:00:48]} 42. Qe2 {[%clk 0:09:24]} Qc5
{[%clk 0:00:37]} 43. Nd3 {[%clk 0:08:56]} Qd4 {[%clk 0:00:46]} 44. Nf2
{[%clk 0:09:10]} Qc5 {[%clk 0:00:40]} 45. Qd3 {[%clk 0:08:07]} Qc6
{[%clk 0:00:35]} 46. Qe3 {[%clk 0:06:35]} Qc7 {[%clk 0:00:41]} 47. Qd3
{[%clk 0:05:38]} 1/2-1/2

[Event "Iran Women Ch.2016"]
[Site "Tehran"]
[Date "2016.01.22"]
[Round "8.9"]
[White "Karimi, Yeganeh"]
[Black "Mobarhani, Nazanin"]
[Result "1/2-1/2"]
[BlackElo "1856"]
[WhiteElo "1971"]
[LiveChessVersion "1.4.7"]

1. e4 {[%clk 1:30:58]} c5 {[%clk 1:29:31]} 2. Nf3 {[%clk 1:31:21]} d6
{[%clk 1:29:57]} 3. d4 {[%clk 1:31:47]} cxd4 {[%clk 1:30:22]} 4. Nxd4
{[%clk 1:32:15]} Nf6 {[%clk 1:30:47]} 5. Nc3 {[%clk 1:32:42]} g6 {[%clk 1:31:10]}
6. Be3 {[%clk 1:32:55]} Bg7 {[%clk 1:31:26]} 7. f3 {[%clk 1:33:11]} O-O
{[%clk 1:31:42]} 8. Qd2 {[%clk 1:33:39]} Nc6 {[%clk 1:31:51]} 9. O-O-O
{[%clk 1:34:04]} d5 {[%clk 1:32:15]} 10. Qe1 {[%clk 1:27:56]} e5 {[%clk 1:32:13]}
11. Nxc6 {[%clk 1:28:06]} bxc6 {[%clk 1:32:34]} 12. exd5 {[%clk 1:25:45]} Nxd5
{[%clk 1:32:59]} 13. Bc4 {[%clk 1:22:25]} Be6 {[%clk 1:33:15]} 14. Bb3
{[%clk 1:20:46]} Qc7 {[%clk 1:24:46]} 15. Nxd5 {[%clk 1:13:16]} cxd5
{[%clk 1:24:58]} 16. Bxd5 {[%clk 1:11:57]} Bxd5 {[%clk 1:15:34]} 17. Rxd5
{[%clk 1:12:26]} Qc4 {[%clk 1:15:56]} 18. Qa5 {[%clk 1:11:03]} Rfc8
{[%clk 1:15:04]} 19. Rd2 {[%clk 0:57:23]} e4 {[%clk 1:00:31]} 20. Rhd1
{[%clk 0:54:44]} Bf6 {[%clk 0:59:52]} 21. b3 {[%clk 0:44:53]} Qc6
{[%clk 0:58:40]} 22. c4 {[%clk 0:44:23]} exf3 {[%clk 0:56:48]} 23. gxf3
{[%clk 0:31:47]} Qxf3 {[%clk 0:57:02]} 24. Bd4 {[%clk 0:31:40]} Bxd4
{[%clk 0:52:55]} 25. Rxd4 {[%clk 0:32:08]} Qe3+ {[%clk 0:51:36]} 26. Kb2
{[%clk 0:31:07]} Qf2+ {[%clk 0:51:42]} 27. R1d2 {[%clk 0:30:37]} Qf6
{[%clk 0:52:06]} 28. Qc3 {[%clk 0:30:23]} Qb6 {[%clk 0:48:37]} 29. Rd6
{[%clk 0:30:28]} Qc5 {[%clk 0:47:09]} 30. R6d5 {[%clk 0:24:39]} Qc6
{[%clk 0:43:58]} 31. c5 {[%clk 0:23:05]} a5 {[%clk 0:44:20]} 32. Rd6
{[%clk 0:22:40]} Qb5 {[%clk 0:37:44]} 33. c6 {[%clk 0:20:00]} a4 {[%clk 0:30:06]}
34. R6d5 {[%clk 0:14:00]} a3+ {[%clk 0:28:26]} 35. Kb1 {[%clk 0:14:13]} Qb6
{[%clk 0:27:23]} 36. Rc5 {[%clk 0:12:34]} Re8 {[%clk 0:24:06]} 37. c7
{[%clk 0:11:04]} Rac8 {[%clk 0:24:34]} 38. Kc2 {[%clk 0:09:21]} h5
{[%clk 0:22:31]} 39. b4 {[%clk 0:08:15]} Qe6 {[%clk 0:21:24]} 40. Qc4
{[%clk 0:07:55]} Qf6 {[%clk 0:21:08]} 41. Qc3 {[%clk 0:07:09]} Qe6
{[%clk 0:21:29]} 42. Qxa3 {[%clk 0:06:18]} Qe4+ {[%clk 0:20:55]} 43. Kb2
{[%clk 0:06:07]} Ra8 {[%clk 0:17:42]} 44. Qc3 {[%clk 0:05:54]} Qe6
{[%clk 0:17:24]} 45. a3 {[%clk 0:06:16]} Kh7 {[%clk 0:15:18]} 46. b5
{[%clk 0:06:10]} Rec8 {[%clk 0:13:10]} 47. Rc6 {[%clk 0:05:51]} Qf5
{[%clk 0:13:36]} 48. Qc4 {[%clk 0:05:25]} Qe5+ {[%clk 0:13:51]} 49. Kb3
{[%clk 0:05:31]} Qf5 {[%clk 0:09:39]} 50. Rc2 {[%clk 0:04:26]} Qf3+
{[%clk 0:09:47]} 51. Qc3 {[%clk 0:04:13]} Qd5+ {[%clk 0:09:44]} 52. Kb4
{[%clk 0:04:12]} Qe4+ {[%clk 0:09:36]} 53. Rc4 {[%clk 0:03:53]} Qe7+
{[%clk 0:09:52]} 54. Rc5 {[%clk 0:04:07]} Rxc7 {[%clk 0:09:58]} 55. a4
{[%clk 0:02:39]} Rac8 {[%clk 0:09:37]} 56. Qd4 {[%clk 0:02:05]} Qe1+
{[%clk 0:09:39]} 57. R5c3 {[%clk 0:01:29]} Qb1+ {[%clk 0:09:29]} 58. Ka5
{[%clk 0:01:18]} Qe1 {[%clk 0:09:26]} 59. Kb4 {[%clk 0:01:21]} Qb1+
{[%clk 0:09:51]} 60. Ka5 {[%clk 0:01:19]} Qe1 {[%clk 0:10:18]} 61. Kb4
{[%clk 0:01:48]} Qb1+ {[%clk 0:10:25]} 62. Ka3 {[%clk 0:01:44]} Qa1+
{[%clk 0:08:58]} 63. Kb3 {[%clk 0:01:17]} Qb1+ {[%clk 0:09:01]} 64. Ka3
{[%clk 0:01:24]} Qa1+ {[%clk 0:09:27]} 65. Kb3 {[%clk 0:01:50]} Qb1+
{[%clk 0:09:51]} 66. Rb2 Rxc3+ 67. Qxc3 Rxc3+ 68. Kxc3 1/2-1/2

[Event "Iran Women Ch.2016"]
[Site "Tehran"]
[Date "2016.01.22"]
[Round "8.10"]
[White "Davoodi, Yasaman"]
[Black "Jafari, Golnaz"]
[Result "1-0"]
[BlackElo "1909"]
[WhiteElo "1844"]
[LiveChessVersion "1.4.7"]

1. d4 {[%clk 1:30:12]} Nf6 {[%clk 1:30:45]} 2. Nf3 {[%clk 1:30:26]} g6
{[%clk 1:31:04]} 3. g3 {[%clk 1:30:26]} Bg7 {[%clk 1:31:27]} 4. Bg2
{[%clk 1:30:50]} O-O {[%clk 1:31:44]} 5. O-O {[%clk 1:30:27]} d6 {[%clk 1:32:08]}
6. b3 {[%clk 1:26:06]} Nbd7 {[%clk 1:22:14]} 7. Bb2 {[%clk 1:25:55]} c6
{[%clk 1:22:26]} 8. Nbd2 {[%clk 1:25:20]} Qc7 {[%clk 1:18:46]} 9. Re1
{[%clk 1:19:25]} Rd8 {[%clk 1:14:29]} 10. e4 {[%clk 1:14:46]} e5 {[%clk 1:14:28]}
11. Qe2 {[%clk 1:11:12]} b5 {[%clk 1:10:35]} 12. a4 {[%clk 1:00:59]} b4
{[%clk 1:05:42]} 13. a5 {[%clk 0:41:51]} Ne8 {[%clk 1:02:59]} 14. Qc4
{[%clk 0:41:52]} Rb8 {[%clk 0:56:58]} 15. Ng5 {[%clk 0:30:33]} Nf8
{[%clk 0:56:51]} 16. f4 {[%clk 0:29:46]} h6 {[%clk 0:40:03]} 17. Ngf3
{[%clk 0:27:30]} Be6 {[%clk 0:36:57]} 18. Qf1 f6 {[%clk 0:23:12]} 19. Nh4
{[%clk 0:26:32]} Bf7 {[%clk 0:20:04]} 20. f5 {[%clk 0:23:48]} g5 {[%clk 0:19:17]}
21. Nhf3 {[%clk 0:24:16]} g4 {[%clk 0:19:36]} 22. Nh4 {[%clk 0:24:15]} h5
{[%clk 0:19:37]} 23. h3 {[%clk 0:19:41]} Bh6 {[%clk 0:19:20]} 24. Qe2
{[%clk 0:18:18]} gxh3 {[%clk 0:17:45]} 25. Bxh3 {[%clk 0:18:46]} Ng7
{[%clk 0:16:49]} 26. g4 {[%clk 0:13:06]} hxg4 {[%clk 0:16:27]} 27. Bxg4
{[%clk 0:13:27]} exd4 {[%clk 0:15:48]} 28. Bxd4 {[%clk 0:13:41]} Nd7
{[%clk 0:14:42]} 29. Ndf3 {[%clk 0:12:44]} Bf4 {[%clk 0:09:41]} 30. Qg2
{[%clk 0:10:43]} Ne5 {[%clk 0:09:04]} 31. Nxe5 {[%clk 0:09:53]} dxe5
{[%clk 0:08:29]} 32. Be3 {[%clk 0:10:19]} Bxe3+ {[%clk 0:07:15]} 33. Rxe3
{[%clk 0:10:47]} Qd6 {[%clk 0:06:58]} 34. Qh3 {[%clk 0:09:56]} Kf8
{[%clk 0:05:29]} 35. Ng6+ {[%clk 0:08:46]} Bxg6 {[%clk 0:05:58]} 36. fxg6
{[%clk 0:09:15]} Ke7 {[%clk 0:04:00]} 37. Qh7 {[%clk 0:09:01]} Rg8
{[%clk 0:03:39]} 38. Rd1 {[%clk 0:09:16]} Qc5 {[%clk 0:03:56]} 39. Rd7+
{[%clk 0:09:42]} Kf8 {[%clk 0:04:19]} 40. Rf7+ {[%clk 0:09:55]} 1-0

[Event "Iran Women Ch.2016"]
[Site "Tehran"]
[Date "2016.01.22"]
[Round "8.11"]
[White "Azali, Tannaz"]
[Black "Ghazizadeh, Asana"]
[Result "0-1"]
[BlackElo "1864"]
[WhiteElo "1818"]
[LiveChessVersion "1.4.7"]

1. d4 Nf6 2. c4 e6 3. Nc3 Bb4 4. Qc2 O-O 5. Nf3 b6 6. a3 Bxc3+ 7. Qxc3 Ne4 8. Qc2
Bb7 9. e3 f5 10. b4 d6 11. Bb2 Nd7 12. Rd1 Qe7 13. d5 Ndf6 14. dxe6 Ng4 15. Rg1
Nexf2 16. Ra1 Ne4 17. Qe2 Qxe6 18. g3 Qh6 19. h3 Nxe3 20. Bc1 Nc3 21. Qd3 Rae8
22. Qxc3 Bxf3 23. Be2 Bxe2 24. Kxe2 Nd5+ 25. Kf2 Nxc3 26. Bxh6 gxh6 27. Kf3 Ne4
28. Rae1 Ng5+ 0-1

[Event "Iran Women Ch.2016"]
[Site "Tehran"]
[Date "2016.01.22"]
[Round "8.12"]
[White "Lotfi, Aylar"]
[Black "Khachatourians, Teni"]
[Result "1-0"]
[BlackElo "1771"]
[WhiteElo "1973"]
[LiveChessVersion "1.4.7"]

1. c4 c5 2. Nc3 Nc6 3. g3 d6 4. Bg2 g6 5. e3 Bg7 6. Nge2 Nf6 7. a3 Bf5 8. d3 Qd7
9. Nf4 g5 10. Nfd5 e6 11. Nxf6+ Bxf6 12. Ne4 Be7 13. b4 cxb4 14. Bb2 e5 15. Qb3
a5 16. axb4 Nxb4 17. Ba3 Nc6 18. Rb1 Rb8 19. Qb6 O-O 20. O-O Qd8 21. Qb2 Bg6 22.
Rfd1 f5 23. Nc3 Bf6 24. Qd2 Kh8 25. Nb5 Be7 26. Nc3 h5 27. Nd5 h4 28. Rb5 Rf7 29.
Nxe7 Rxe7 30. Rdb1 Be8 31. Rb6 Nb4 32. R6xb4 axb4 33. Qxb4 Rd7 34. d4 e4 35. d5
Bh5 36. Qc3+ Kg8 37. Qd4 Bf3 38. Bxf3 exf3 39. e4 hxg3 40. fxg3 g4 41. Bb2 Rh7
42. exf5 Qg5 43. Re1 Qxf5 44. Bc3 Rf8 45. Rf1 Qc2 46. Qxg4+ Kf7 47. Qxf3+ Kg6 48.
Qg4+ Kh6 49. Rxf8 Qxc3 50. Qf4+ Kg7 51. Qf7+ Kh6 52. Qf6+ 1-0

[Event "Iran Women Ch.2016"]
[Site "Tehran"]
[Date "2016.01.22"]
[Round "9.1"]
[White "Asadi, Motahare"]
[Black "Khademalsharieh, Sarasadat"]
[Result "0-1"]
[BlackElo "2392"]
[WhiteElo "1833"]
[LiveChessVersion "1.4.7"]

1. d4 {[%clk 1:30:26]} Nf6 {[%clk 1:26:27]} 2. c4 {[%clk 1:30:48]} e6
{[%clk 1:26:51]} 3. g3 {[%clk 1:30:16]} d5 {[%clk 1:27:04]} 4. Bg2
{[%clk 1:30:36]} Bb4+ {[%clk 1:27:09]} 5. Bd2 {[%clk 1:30:58]} Bd6
{[%clk 1:27:34]} 6. Qc2 {[%clk 1:31:01]} Nc6 {[%clk 1:26:08]} 7. Bc3
{[%clk 1:28:16]} O-O {[%clk 1:22:11]} 8. Nd2 {[%clk 1:28:16]} Re8
{[%clk 1:13:08]} 9. Ngf3 {[%clk 1:22:44]} dxc4 {[%clk 1:02:46]} 10. Nxc4
{[%clk 1:22:32]} Nb4 {[%clk 1:03:10]} 11. Qb3 {[%clk 1:22:15]} Nbd5
{[%clk 1:03:22]} 12. Nxd6 {[%clk 1:22:33]} cxd6 {[%clk 1:03:23]} 13. Nd2
{[%clk 1:21:40]} b6 {[%clk 1:01:49]} 14. e4 {[%clk 1:20:18]} Nxc3
{[%clk 1:02:14]} 15. bxc3 {[%clk 1:20:41]} Bb7 {[%clk 1:02:38]} 16. O-O
{[%clk 1:20:57]} Qc7 {[%clk 1:01:50]} 17. f4 {[%clk 1:20:02]} e5 {[%clk 0:52:23]}
18. Qc4 {[%clk 1:13:41]} Rac8 {[%clk 0:52:17]} 19. Qxc7 {[%clk 1:13:17]} Rxc7
{[%clk 0:52:43]} 20. fxe5 {[%clk 1:13:41]} dxe5 {[%clk 0:53:08]} 21. Rac1
{[%clk 1:14:04]} h6 {[%clk 0:51:15]} 22. d5 {[%clk 1:12:43]} Ba6 {[%clk 0:51:02]}
23. c4 {[%clk 1:06:19]} Rec8 {[%clk 0:45:37]} 24. Bh3 {[%clk 1:06:17]} Rd8
{[%clk 0:46:04]} 25. Rf3 {[%clk 1:06:13]} Bc8 {[%clk 0:46:00]} 26. Bxc8
{[%clk 1:05:16]} Rdxc8 {[%clk 0:46:25]} 27. Rfc3 {[%clk 1:05:37]} Ne8
{[%clk 0:45:06]} 28. Kg2 {[%clk 1:04:36]} Nd6 {[%clk 0:45:30]} 29. a4
{[%clk 1:02:55]} Rc5 {[%clk 0:45:38]} 30. Kf3 {[%clk 1:02:57]} Ra5
{[%clk 0:42:12]} 31. Ra3 {[%clk 1:02:42]} Rac5 {[%clk 0:42:06]} 32. Rac3
{[%clk 1:03:01]} a6 {[%clk 0:40:06]} 33. Ke3 {[%clk 1:02:34]} b5 {[%clk 0:40:29]}
34. axb5 {[%clk 1:02:21]} axb5 {[%clk 0:40:54]} 35. Kd3 {[%clk 1:02:39]} f5
{[%clk 0:40:45]} 36. exf5 {[%clk 0:57:56]} bxc4+ {[%clk 0:40:50]} 37. Ke3
{[%clk 0:54:27]} Rxd5 {[%clk 0:40:57]} 38. Nxc4 {[%clk 0:54:49]} Rdc5
{[%clk 0:40:58]} 39. Kd3 {[%clk 0:54:23]} e4+ {[%clk 0:41:20]} 0-1

[Event "Iran Women Ch.2016"]
[Site "Tehran"]
[Date "2016.01.22"]
[Round "9.2"]
[White "Pourkashiyan, Atousa"]
[Black "Alinasab, Mobina"]
[Result "1-0"]
[BlackElo "2112"]
[WhiteElo "2338"]
[LiveChessVersion "1.4.7"]

1. e4 {[%clk 1:22:34]} e6 {[%clk 1:30:52]} 2. d4 {[%clk 1:22:59]} d5
{[%clk 1:31:16]} 3. Nd2 {[%clk 1:23:24]} Nc6 {[%clk 1:31:42]} 4. Ngf3
{[%clk 1:23:47]} Nf6 {[%clk 1:32:06]} 5. e5 {[%clk 1:24:13]} Nd7 {[%clk 1:32:31]}
6. b3 {[%clk 1:24:30]} f6 {[%clk 1:29:14]} 7. Bb2 {[%clk 1:24:33]} fxe5
{[%clk 1:20:30]} 8. dxe5 {[%clk 1:24:32]} Bc5 {[%clk 1:13:52]} 9. Bd3
{[%clk 1:23:57]} Qe7 {[%clk 1:07:19]} 10. a3 {[%clk 1:20:02]} a5 {[%clk 1:05:05]}
11. O-O {[%clk 1:09:10]} O-O {[%clk 1:04:30]} 12. c4 {[%clk 1:07:15]} dxc4
{[%clk 1:01:29]} 13. Nxc4 {[%clk 0:53:26]} Nb6 {[%clk 0:50:59]} 14. Nxb6
{[%clk 0:50:51]} Bxb6 {[%clk 0:50:48]} 15. Qe2 {[%clk 0:50:57]} Bd7
{[%clk 0:43:58]} 16. Qe4 {[%clk 0:46:35]} g6 {[%clk 0:39:32]} 17. Qg4
{[%clk 0:39:56]} Rad8 {[%clk 0:33:20]} 18. Rad1 {[%clk 0:21:59]} Qe8
{[%clk 0:19:32]} 19. Bc1 {[%clk 0:15:05]} Qf7 {[%clk 0:13:20]} 20. Bh6
{[%clk 0:13:22]} Rfe8 {[%clk 0:11:04]} 21. Bg5 {[%clk 0:13:20]} Ne7
{[%clk 0:07:22]} 22. Bf6 {[%clk 0:12:16]} Nd5 {[%clk 0:06:47]} 23. Ng5
{[%clk 0:06:50]} Nxf6 {[%clk 0:04:27]} 24. Qh4 {[%clk 0:04:26]} Qe7
{[%clk 0:02:40]} 25. exf6 {[%clk 0:04:39]} Qxf6 {[%clk 0:03:07]} 26. Qxh7+
{[%clk 0:04:57]} Kf8 {[%clk 0:03:35]} 27. Bxg6 {[%clk 0:04:35]} Re7
{[%clk 0:03:24]} 28. Qh5 {[%clk 0:04:51]} Kg7 {[%clk 0:03:14]} 29. Qh7+
{[%clk 0:03:20]} Kf8 {[%clk 0:03:42]} 30. Qh6+ {[%clk 0:02:55]} Qg7
{[%clk 0:02:46]} 31. Qh5 {[%clk 0:03:08]} Bd4 {[%clk 0:02:38]} 32. Bf7
{[%clk 0:01:07]} Rxf7 {[%clk 0:00:34]} 33. Qxf7+ {[%clk 0:01:27]} Qxf7
{[%clk 0:00:56]} 34. Nxf7 {[%clk 0:01:55]} 1-0